[Event "World Cup 2017"]
[Site "Tbilisi"]
[Date "2017.09.11"]
[Round "19.7"]
[White "Rapport Richard (HUN)"]
[Black "Li Chao b (CHN)"]
[Result "1-0"]
[BlackElo "2744"]
[WhiteElo "2675"]
[LiveChessVersion "1.4.8"]

1. d4 {[%clk 0:25:16]} Nf6 {[%clk 0:25:18]} 2. c4 {[%clk 0:25:25]} g6
{[%clk 0:25:26]} 3. g3 {[%clk 0:25:33]} c6 {[%clk 0:25:22]} 4. Bg2
{[%clk 0:25:42]} d5 {[%clk 0:25:31]} 5. Qa4 {[%clk 0:25:51]} Bg7 {[%clk 0:25:38]}
6. cxd5 {[%clk 0:25:53]} Nxd5 {[%clk 0:25:45]} 7. Nf3 {[%clk 0:26:01]} Bg4
{[%clk 0:25:43]} 8. Nbd2 {[%clk 0:26:05]} Nb6 {[%clk 0:25:44]} 9. Qa3
{[%clk 0:25:48]} Na6 {[%clk 0:24:07]} 10. h3 {[%clk 0:23:17]} Be6
{[%clk 0:21:44]} 11. e3 {[%clk 0:21:09]} O-O {[%clk 0:21:48]} 12. O-O
{[%clk 0:21:11]} c5 {[%clk 0:20:03]} 13. dxc5 {[%clk 0:16:52]} Nc4
{[%clk 0:19:58]} 14. Nxc4 {[%clk 0:16:39]} Bxc4 {[%clk 0:20:05]} 15. c6
{[%clk 0:16:40]} bxc6 {[%clk 0:15:22]} 16. Re1 {[%clk 0:16:38]} Rb8
{[%clk 0:15:15]} 17. Nd4 {[%clk 0:15:44]} Nb4 {[%clk 0:14:54]} 18. Nxc6
{[%clk 0:11:24]} Nxc6 {[%clk 0:15:00]} 19. Bxc6 {[%clk 0:11:32]} Qc7
{[%clk 0:14:54]} 20. Qa4 {[%clk 0:10:40]} Bd3 {[%clk 0:12:11]} 21. e4
{[%clk 0:09:46]} Be5 {[%clk 0:10:00]} 22. Qa3 {[%clk 0:08:20]} Rfd8
{[%clk 0:08:10]} 23. Bd5 {[%clk 0:08:15]} Bc2 {[%clk 0:07:42]} 24. Bg5
{[%clk 0:05:55]} Bxb2 {[%clk 0:03:58]} 25. Qf3 {[%clk 0:06:03]} Rf8
{[%clk 0:04:06]} 26. Bf4 {[%clk 0:04:59]} Qc3 {[%clk 0:04:10]} 27. Re3 Qd4
{[%clk 0:02:49]} 28. Rf1 {[%clk 0:03:15]} Rb6 {[%clk 0:02:53]} 29. Bh6
{[%clk 0:03:18]} Rf6 {[%clk 0:02:02]} 30. Qe2 {[%clk 0:03:17]} Rc8
{[%clk 0:02:11]} 31. Bg5 {[%clk 0:03:20]} Rb6 {[%clk 0:02:08]} 32. Bxe7
{[%clk 0:03:24]} Ba4 {[%clk 0:02:13]} 33. Qf3 {[%clk 0:03:02]} Be8
{[%clk 0:02:17]} 34. e5 {[%clk 0:02:22]} Rb5 {[%clk 0:01:46]} 35. Be6
{[%clk 0:02:19]} Rcb8 {[%clk 0:00:47]} 36. Bd6 {[%clk 0:02:28]} Rd8
{[%clk 0:00:30]} 37. Bb3 {[%clk 0:02:22]} Qb6 {[%clk 0:00:34]} 38. e6
{[%clk 0:02:00]} Rf5 {[%clk 0:00:43]} 39. Bf4 {[%clk 0:01:48]} Bd4
{[%clk 0:00:34]} 40. Re4 {[%clk 0:01:30]} a5 {[%clk 0:00:32]} 41. g4
{[%clk 0:01:11]} Rf6 {[%clk 0:00:31]} 42. Qg3 {[%clk 0:01:21]} a4
{[%clk 0:00:24]} 43. Bc7 {[%clk 0:01:22]} Bxf2+ {[%clk 0:00:24]} 44. Rxf2
{[%clk 0:01:30]} Rd3 {[%clk 0:00:26]} 45. exf7+ {[%clk 0:01:29]} Bxf7
{[%clk 0:00:27]} 46. Bxf7+ Kxf7 {[%clk 0:00:19]} 47. Bxb6 {[%clk 0:01:28]} Rxg3+
{[%clk 0:00:28]} 48. Kh2 {[%clk 0:01:37]} Rxf2+ {[%clk 0:00:28]} 49. Bxf2
{[%clk 0:01:44]} Ra3 {[%clk 0:00:37]} 50. Re7+ {[%clk 0:01:48]} Kf6
{[%clk 0:00:41]} 51. Bd4+ {[%clk 0:01:55]} Kg5 {[%clk 0:00:49]} 52. Re2
{[%clk 0:01:59]} Kf4 {[%clk 0:00:50]} 53. Bf2 {[%clk 0:01:45]} Kf3
{[%clk 0:00:50]} 54. Rc2 {[%clk 0:01:52]} Rd3 {[%clk 0:00:53]} 55. Bc5
{[%clk 0:01:54]} h5 {[%clk 0:00:56]} 56. Rf2+ {[%clk 0:01:39]} Ke4
{[%clk 0:01:05]} 57. g5 {[%clk 0:01:43]} Rd5 {[%clk 0:00:47]} 58. Be7
{[%clk 0:01:50]} Ke3 {[%clk 0:00:55]} 59. Rf6 {[%clk 0:01:53]} h4
{[%clk 0:00:54]} 60. Re6+ {[%clk 0:01:46]} Kf3 {[%clk 0:01:00]} 61. Rf6+
{[%clk 0:01:22]} Ke3 {[%clk 0:01:07]} 62. a3 {[%clk 0:01:18]} Rd2+
{[%clk 0:00:46]} 63. Kg1 {[%clk 0:01:27]} Rd5 {[%clk 0:00:55]} 64. Rf2
{[%clk 0:01:29]} Rd7 {[%clk 0:00:52]} 65. Kf1 {[%clk 0:01:33]} Rd1+
{[%clk 0:00:52]} 66. Kg2 {[%clk 0:01:42]} Rd7 {[%clk 0:01:00]} 67. Rf3+
{[%clk 0:01:47]} Ke4 {[%clk 0:00:56]} 68. Bf6 {[%clk 0:01:23]} Rd2+
{[%clk 0:00:59]} 69. Rf2 {[%clk 0:01:33]} Rd3 {[%clk 0:01:08]} 70. Re2+
{[%clk 0:01:41]} Kf4 {[%clk 0:01:13]} 71. Rf2+ {[%clk 0:01:45]} Ke4
{[%clk 0:01:21]} 72. Rb2 {[%clk 0:01:30]} Rxa3 {[%clk 0:01:04]} 73. Rb4+
{[%clk 0:01:38]} Kf5 {[%clk 0:01:12]} 74. Rxh4 {[%clk 0:01:44]} Ra2+
{[%clk 0:01:11]} 75. Kf3 {[%clk 0:01:49]} Ra3+ {[%clk 0:01:11]} 76. Ke2
{[%clk 0:01:56]} Ra2+ {[%clk 0:01:16]} 77. Kd3 {[%clk 0:02:02]} a3
{[%clk 0:01:25]} 78. Ra4 {[%clk 0:01:48]} Rg2 {[%clk 0:01:16]} 79. Ra5+
{[%clk 0:01:51]} Kf4 {[%clk 0:01:24]} 80. Kc4 {[%clk 0:01:39]} a2
{[%clk 0:01:22]} 81. Kb3 {[%clk 0:01:43]} Rg3+ {[%clk 0:01:18]} 82. Kxa2
{[%clk 0:01:52]} Rxh3 {[%clk 0:01:27]} 83. Ra4+ {[%clk 0:02:01]} Kf5
{[%clk 0:01:35]} 84. Kb2 {[%clk 0:02:09]} Rd3 {[%clk 0:01:41]} 85. Kc2
{[%clk 0:02:17]} Rd7 {[%clk 0:01:48]} 86. Kc3 {[%clk 0:02:22]} Rd1
{[%clk 0:01:56]} 87. Rd4 {[%clk 0:02:30]} Re1 {[%clk 0:01:56]} 88. Kd2
{[%clk 0:02:37]} Re6 {[%clk 0:02:04]} 89. Kd1 {[%clk 0:02:34]} Re3
{[%clk 0:02:09]} 90. Rd2 {[%clk 0:02:43]} Kg4 {[%clk 0:02:08]} 91. Re2
{[%clk 0:02:49]} Rb3 {[%clk 0:02:17]} 92. Ke1 {[%clk 0:02:53]} Rb1+
{[%clk 0:02:22]} 93. Kf2 {[%clk 0:03:02]} Rb4 {[%clk 0:02:30]} 94. Kg2
{[%clk 0:03:08]} Kh5 {[%clk 0:02:35]} 95. Kf3 {[%clk 0:02:54]} Rb3+
{[%clk 0:02:29]} 96. Kf4 {[%clk 0:02:47]} Rb4+ {[%clk 0:02:34]} 97. Ke5
{[%clk 0:02:52]} Rh4 {[%clk 0:02:35]} 98. Kd6 {[%clk 0:02:56]} Ra4
{[%clk 0:02:38]} 99. Rh2+ {[%clk 0:03:00]} Kg4 {[%clk 0:02:47]} 100. Ke6
{[%clk 0:03:02]} Ra7 {[%clk 0:02:46]} 101. Rh6 {[%clk 0:03:02]} Ra6+
{[%clk 0:02:53]} 102. Kf7 {[%clk 0:03:11]} Kf5 {[%clk 0:03:02]} 103. Rh1
{[%clk 0:03:08]} Ra7+ {[%clk 0:02:59]} 104. Be7 {[%clk 0:03:16]} Rb7
{[%clk 0:02:58]} 105. Rf1+ {[%clk 0:03:12]} Kg4 {[%clk 0:03:07]} 106. Kxg6
{[%clk 0:03:14]} Rxe7 {[%clk 0:03:13]} 107. Rg1+ {[%clk 0:03:06]} Kf4
{[%clk 0:03:19]} 108. Kh6 {[%clk 0:02:40]} Re2 {[%clk 0:03:14]} 109. g6
{[%clk 0:02:45]} Kf5 {[%clk 0:03:22]} 110. Rf1+ {[%clk 0:02:50]} Ke6
{[%clk 0:03:30]} 111. g7 {[%clk 0:02:44]} Rh2+ {[%clk 0:03:37]} 112. Kg6
{[%clk 0:02:53]} Rg2+ {[%clk 0:03:36]} 113. Kh7 {[%clk 0:02:57]} Rh2+
{[%clk 0:03:31]} 114. Kg8 {[%clk 0:03:05]} Ra2 {[%clk 0:03:30]} 115. Rh1
{[%clk 0:03:08]} 1-0

[Event "World Cup 2017"]
[Site "Tbilisi"]
[Date "2017.09.11"]
[Round "19.8"]
[White "Nepomniachtchi Ian (RUS)"]
[Black "Jobava Baadur (GEO)"]
[Result "1/2-1/2"]
[BlackElo "2687"]
[WhiteElo "2751"]
[LiveChessVersion "1.4.8"]

1. e4 {[%clk 0:25:16]} e5 {[%clk 0:25:19]} 2. Nf3 {[%clk 0:25:25]} Nf6
{[%clk 0:25:28]} 3. Nxe5 {[%clk 0:25:34]} d6 {[%clk 0:25:36]} 4. Nf3
{[%clk 0:25:42]} Nxe4 {[%clk 0:25:45]} 5. Nc3 {[%clk 0:25:51]} Nf6
{[%clk 0:25:53]} 6. d4 {[%clk 0:25:58]} Be7 {[%clk 0:26:02]} 7. Bd3
{[%clk 0:26:07]} O-O {[%clk 0:26:10]} 8. O-O {[%clk 0:26:13]} Re8
{[%clk 0:26:04]} 9. Re1 {[%clk 0:26:07]} Nbd7 {[%clk 0:26:05]} 10. Ne2
{[%clk 0:26:11]} b6 {[%clk 0:26:08]} 11. c4 {[%clk 0:26:19]} Bb7 {[%clk 0:26:16]}
12. Nc3 {[%clk 0:26:28]} d5 {[%clk 0:25:48]} 13. Bf4 {[%clk 0:26:33]} a6
{[%clk 0:21:16]} 14. Qb3 {[%clk 0:26:29]} Nf8 {[%clk 0:17:56]} 15. cxd5
{[%clk 0:22:29]} Nxd5 {[%clk 0:17:51]} 16. Nxd5 {[%clk 0:22:24]} Bxd5
{[%clk 0:17:57]} 17. Bxc7 {[%clk 0:22:24]} Bxb3 {[%clk 0:14:15]} 18. Bxd8
{[%clk 0:22:27]} Raxd8 {[%clk 0:14:24]} 19. axb3 {[%clk 0:22:35]} Bf6
{[%clk 0:10:44]} 20. Rxe8 {[%clk 0:21:03]} Rxe8 {[%clk 0:10:54]} 21. Rxa6
{[%clk 0:20:51]} Ne6 {[%clk 0:11:03]} 22. Rxb6 {[%clk 0:19:23]} Nxd4
{[%clk 0:11:11]} 23. Bc4 {[%clk 0:18:57]} Nxf3+ {[%clk 0:09:58]} 24. gxf3
{[%clk 0:19:04]} Re1+ {[%clk 0:10:03]} 25. Kg2 {[%clk 0:19:10]} Kf8
{[%clk 0:10:05]} 26. b4 {[%clk 0:18:56]} Bxb2 {[%clk 0:08:46]} 27. b5
{[%clk 0:19:04]} Ke7 {[%clk 0:05:59]} 28. Rb7+ {[%clk 0:18:16]} Kd6
{[%clk 0:06:08]} 29. Rxf7 {[%clk 0:18:20]} Re7 {[%clk 0:06:05]} 30. Rf4
{[%clk 0:18:14]} Kc5 {[%clk 0:06:02]} 31. Bd3 {[%clk 0:18:18]} Bf6
{[%clk 0:06:09]} 32. Ra4 {[%clk 0:17:57]} Re6 {[%clk 0:05:36]} 33. Rc4+
{[%clk 0:16:55]} Kb6 {[%clk 0:05:41]} 34. Re4 {[%clk 0:17:00]} Rd6
{[%clk 0:05:39]} 35. Be2 {[%clk 0:17:08]} Kc5 {[%clk 0:04:54]} 36. f4
{[%clk 0:17:14]} Rd4 {[%clk 0:04:43]} 37. f3 {[%clk 0:17:23]} Kd5
{[%clk 0:04:08]} 38. Re3 {[%clk 0:15:03]} Rxf4 {[%clk 0:04:12]} 39. Rb3
{[%clk 0:15:06]} Kc5 {[%clk 0:04:20]} 40. Rb1 {[%clk 0:14:01]} Rb4
{[%clk 0:04:06]} 41. Rc1+ {[%clk 0:14:10]} Kd4 {[%clk 0:03:33]} 42. Rc6
{[%clk 0:13:31]} Rb2 {[%clk 0:03:39]} 43. Rc4+ {[%clk 0:13:37]} Kd5
{[%clk 0:03:41]} 44. Re4 {[%clk 0:13:46]} g5 {[%clk 0:03:19]} 45. Kg3
{[%clk 0:11:43]} h5 {[%clk 0:03:27]} 46. Bc4+ {[%clk 0:11:48]} Kc5
{[%clk 0:03:36]} 47. Re6 {[%clk 0:10:45]} Bc3 {[%clk 0:02:49]} 48. Be2
{[%clk 0:06:49]} 1/2-1/2

[Event "World Cup 2017"]
[Site "Tbilisi"]
[Date "2017.09.11"]
[Round "20.1"]
[White "Caruana Fabiano (USA)"]
[Black "Najer Evgeniy (RUS)"]
[Result "0-1"]
[BlackElo "2707"]
[WhiteElo "2807"]
[LiveChessVersion "1.4.8"]

1. e4 {[%clk 0:25:17]} e5 {[%clk 0:25:19]} 2. Nf3 {[%clk 0:25:26]} Nc6
{[%clk 0:25:26]} 3. Bb5 {[%clk 0:25:34]} a6 {[%clk 0:25:34]} 4. Ba4
{[%clk 0:25:43]} Nf6 {[%clk 0:25:43]} 5. d3 {[%clk 0:25:51]} b5 {[%clk 0:25:36]}
6. Bb3 {[%clk 0:25:59]} Bc5 {[%clk 0:25:34]} 7. c3 {[%clk 0:26:08]} d6
{[%clk 0:24:26]} 8. Nbd2 {[%clk 0:26:14]} Bb6 {[%clk 0:23:55]} 9. Nf1
{[%clk 0:26:04]} Ng4 {[%clk 0:20:50]} 10. d4 {[%clk 0:21:34]} exd4
{[%clk 0:20:52]} 11. h3 {[%clk 0:16:18]} Nge5 {[%clk 0:18:54]} 12. Nxd4
{[%clk 0:16:26]} O-O {[%clk 0:13:27]} 13. Ng3 {[%clk 0:15:39]} Nxd4
{[%clk 0:13:10]} 14. cxd4 {[%clk 0:15:47]} Ba5+ {[%clk 0:13:18]} 15. Kf1
{[%clk 0:14:46]} Nc4 {[%clk 0:13:27]} 16. Kg1 {[%clk 0:13:33]} c5
{[%clk 0:13:08]} 17. d5 {[%clk 0:11:24]} f5 {[%clk 0:13:16]} 18. exf5
{[%clk 0:10:24]} Bxf5 {[%clk 0:13:24]} 19. Nxf5 {[%clk 0:10:22]} Rxf5
{[%clk 0:13:31]} 20. Bc2 {[%clk 0:10:30]} Rf7 {[%clk 0:13:28]} 21. Qe2
{[%clk 0:05:35]} Qf8 {[%clk 0:11:55]} 22. Be4 {[%clk 0:04:45]} Re8
{[%clk 0:11:53]} 23. f3 Qe7 {[%clk 0:07:54]} 24. Rb1 {[%clk 0:04:26]} Qe5 25. b3
Nb6 {[%clk 0:04:40]} 26. Qd3 {[%clk 0:02:00]} Bc3 {[%clk 0:04:03]} 27. Be3
{[%clk 0:01:44]} c4 {[%clk 0:02:58]} 28. Qd1 {[%clk 0:01:43]} Nd7
{[%clk 0:02:53]} 29. bxc4 Nf6 30. h4 {[%clk 0:00:33]} Nxe4 {[%clk 0:02:44]} 31.
fxe4 {[%clk 0:00:42]} Qxe4 {[%clk 0:02:43]} 32. Rh3 {[%clk 0:00:51]} bxc4
{[%clk 0:01:59]} 33. Rc1 {[%clk 0:01:00]} Be5 {[%clk 0:01:51]} 34. Qa4
{[%clk 0:00:55]} Rc8 {[%clk 0:01:34]} 35. Qxa6 {[%clk 0:00:58]} Rff8
{[%clk 0:01:41]} 36. Qa4 {[%clk 0:00:38]} Qxd5 {[%clk 0:01:43]} 37. Qc2
{[%clk 0:00:47]} c3 {[%clk 0:01:42]} 38. Rd1 {[%clk 0:00:55]} Qc4
{[%clk 0:01:37]} 39. h5 {[%clk 0:00:24]} Ra8 {[%clk 0:01:40]} 40. Ra1
{[%clk 0:00:28]} Rab8 {[%clk 0:01:35]} 41. Bc1 {[%clk 0:00:19]} Qf1#
{[%clk 0:01:33]} 0-1

[Event "World Cup 2017"]
[Site "Tbilisi"]
[Date "2017.09.11"]
[Round "20.2"]
[White "Matlakov Maxim (RUS)"]
[Black "Aronian Levon (ARM)"]
[Result "1/2-1/2"]
[BlackElo "2799"]
[WhiteElo "2728"]
[LiveChessVersion "1.4.8"]

1. d4 {[%clk 0:25:17]} d5 {[%clk 0:25:19]} 2. c4 {[%clk 0:25:25]} c6
{[%clk 0:25:27]} 3. Nf3 {[%clk 0:25:31]} Nf6 {[%clk 0:25:35]} 4. Nc3
{[%clk 0:25:19]} a6 {[%clk 0:25:43]} 5. e3 {[%clk 0:25:25]} b5 {[%clk 0:25:51]}
6. b3 {[%clk 0:25:21]} Bg4 {[%clk 0:25:58]} 7. a4 {[%clk 0:25:25]} bxc4
{[%clk 0:25:59]} 8. bxc4 {[%clk 0:25:33]} e6 {[%clk 0:25:54]} 9. c5
{[%clk 0:24:48]} a5 {[%clk 0:26:01]} 10. h3 {[%clk 0:23:24]} Bh5 {[%clk 0:26:04]}
11. g4 {[%clk 0:22:46]} Bg6 {[%clk 0:26:11]} 12. Ne5 {[%clk 0:22:55]} Nfd7
{[%clk 0:25:45]} 13. Nxg6 {[%clk 0:22:36]} hxg6 {[%clk 0:25:53]} 14. Rb1
{[%clk 0:22:41]} Be7 {[%clk 0:25:27]} 15. Qf3 {[%clk 0:21:15]} Bf6
{[%clk 0:23:55]} 16. Bd2 {[%clk 0:20:34]} g5 {[%clk 0:22:26]} 17. Bd3
{[%clk 0:18:21]} Qc8 {[%clk 0:22:27]} 18. Kf1 {[%clk 0:17:34]} Na6
{[%clk 0:21:31]} 19. Bxa6 {[%clk 0:17:16]} Qxa6+ {[%clk 0:21:13]} 20. Kg2
{[%clk 0:17:25]} Qc8 {[%clk 0:17:32]} 21. Rb3 {[%clk 0:13:16]} Nf8
{[%clk 0:17:22]} 22. Rhb1 {[%clk 0:13:06]} Ng6 {[%clk 0:17:12]} 23. Kf1
{[%clk 0:11:34]} O-O {[%clk 0:16:25]} 24. Ne2 {[%clk 0:11:37]} Qa6
{[%clk 0:14:44]} 25. Rb6 {[%clk 0:07:56]} Qd3 {[%clk 0:14:05]} 26. Ke1
{[%clk 0:07:37]} Nh4 {[%clk 0:13:46]} 27. Qg3 {[%clk 0:07:11]} e5
{[%clk 0:12:07]} 28. Bc3 {[%clk 0:06:16]} Bd8 {[%clk 0:07:33]} 29. Rd1
{[%clk 0:06:00]} Qc4 {[%clk 0:06:14]} 30. Rxc6 {[%clk 0:05:32]} Qxa4
{[%clk 0:06:04]} 31. Rd6 {[%clk 0:05:41]} e4 {[%clk 0:06:13]} 32. Ra1
{[%clk 0:05:37]} Qc4 {[%clk 0:05:00]} 33. Rd7 {[%clk 0:05:40]} Ra6
{[%clk 0:03:28]} 34. Qb8 {[%clk 0:03:29]} Bf6 {[%clk 0:03:36]} 35. Qb7
{[%clk 0:03:17]} Nf3+ {[%clk 0:03:25]} 36. Kf1 {[%clk 0:03:26]} Nh2+
{[%clk 0:03:28]} 37. Ke1 {[%clk 0:03:35]} Nf3+ {[%clk 0:03:25]} 38. Kf1
{[%clk 0:03:44]} Nh2+ {[%clk 0:03:34]} 39. Ke1 {[%clk 0:03:53]} 1/2-1/2

[Event "World Cup 2017"]
[Site "Tbilisi"]
[Date "2017.09.11"]
[Round "20.3"]
[White "Vachier-Lagrave Maxime (FRA)"]
[Black "Lenderman Aleksandr (USA)"]
[Result "1/2-1/2"]
[BlackElo "2565"]
[WhiteElo "2789"]
[LiveChessVersion "1.4.8"]

1. e4 {[%clk 0:25:17]} c5 {[%clk 0:25:19]} 2. Nf3 {[%clk 0:25:25]} e6
{[%clk 0:25:26]} 3. d4 {[%clk 0:25:30]} cxd4 {[%clk 0:25:34]} 4. Nxd4
{[%clk 0:25:38]} a6 {[%clk 0:25:42]} 5. Nc3 {[%clk 0:25:29]} Qc7 {[%clk 0:25:32]}
6. Be2 {[%clk 0:25:16]} Nf6 {[%clk 0:25:08]} 7. O-O {[%clk 0:25:20]} Bb4
{[%clk 0:24:22]} 8. Bg5 {[%clk 0:24:34]} Bxc3 {[%clk 0:24:23]} 9. Bxf6
{[%clk 0:24:42]} gxf6 {[%clk 0:23:57]} 10. bxc3 {[%clk 0:24:50]} Qxc3
{[%clk 0:24:04]} 11. Rb1 {[%clk 0:24:20]} Nc6 {[%clk 0:24:03]} 12. Nxc6
{[%clk 0:24:27]} dxc6 {[%clk 0:23:50]} 13. Rb3 {[%clk 0:23:36]} Qc5
{[%clk 0:23:20]} 14. Qd2 {[%clk 0:23:18]} e5 {[%clk 0:20:15]} 15. Rd1
{[%clk 0:21:41]} Qe7 {[%clk 0:20:22]} 16. Rd3 {[%clk 0:20:51]} Be6
{[%clk 0:20:29]} 17. Qh6 {[%clk 0:20:59]} Rg8 {[%clk 0:18:43]} 18. Rd6
{[%clk 0:19:52]} Qf8 {[%clk 0:16:27]} 19. Qxf6 {[%clk 0:18:28]} Qe7
{[%clk 0:16:35]} 20. Qxe5 {[%clk 0:17:12]} Rxg2+ {[%clk 0:16:43]} 21. Kh1
{[%clk 0:17:21]} Rg8 {[%clk 0:16:33]} 22. Bh5 {[%clk 0:16:10]} Kf8
{[%clk 0:14:28]} 23. f4 {[%clk 0:12:00]} Bh3 {[%clk 0:12:07]} 24. Qxe7+
{[%clk 0:12:00]} Kxe7 {[%clk 0:12:16]} 25. Bf3 {[%clk 0:12:08]} Rad8
{[%clk 0:10:31]} 26. Rxd8 {[%clk 0:12:05]} Rxd8 {[%clk 0:10:39]} 27. Rxd8
{[%clk 0:12:11]} Kxd8 {[%clk 0:10:48]} 28. Kg1 {[%clk 0:12:18]} Kc7
{[%clk 0:10:12]} 29. Kf2 {[%clk 0:12:06]} Kd6 {[%clk 0:09:49]} 30. Ke3
{[%clk 0:12:08]} Kc5 {[%clk 0:09:51]} 31. Be2 {[%clk 0:10:21]} b5
{[%clk 0:07:26]} 32. f5 {[%clk 0:08:28]} f6 {[%clk 0:07:06]} 33. c3
{[%clk 0:06:40]} Bg2 {[%clk 0:05:44]} 34. Kf4 {[%clk 0:06:37]} Kd6
{[%clk 0:04:58]} 35. h4 {[%clk 0:06:27]} c5 {[%clk 0:04:53]} 36. Bd3
{[%clk 0:04:48]} c4 {[%clk 0:04:44]} 37. Be2 {[%clk 0:04:57]} a5 {[%clk 0:04:50]}
38. a3 {[%clk 0:05:06]} h6 {[%clk 0:04:28]} 39. Bh5 {[%clk 0:04:20]} Bf1
{[%clk 0:04:19]} 40. Be8 {[%clk 0:04:28]} b4 {[%clk 0:03:05]} 41. axb4
{[%clk 0:04:37]} axb4 {[%clk 0:03:14]} 42. cxb4 {[%clk 0:04:45]} c3
{[%clk 0:03:02]} 43. Ba4 {[%clk 0:04:53]} Bd3 {[%clk 0:02:58]} 44. Ke3
{[%clk 0:05:01]} Bb1 {[%clk 0:03:05]} 45. b5 {[%clk 0:04:46]} Kc5
{[%clk 0:02:22]} 46. e5 {[%clk 0:04:54]} fxe5 {[%clk 0:02:17]} 47. f6
{[%clk 0:05:02]} Bg6 {[%clk 0:02:16]} 48. Bc2 {[%clk 0:04:40]} Bf7
{[%clk 0:01:15]} 49. Bd3 {[%clk 0:04:49]} Kd6 {[%clk 0:00:53]} 50. Be4
{[%clk 0:04:43]} Kc5 {[%clk 0:00:57]} 51. Bd3 {[%clk 0:04:45]} Kb6
{[%clk 0:00:52]} 52. Ke4 {[%clk 0:03:41]} Bg6+ {[%clk 0:00:58]} 53. Kxe5
{[%clk 0:03:49]} Bxd3 {[%clk 0:01:03]} 54. f7 {[%clk 0:03:57]} c2
{[%clk 0:01:11]} 55. f8=Q {[%clk 0:04:04]} c1=Q {[%clk 0:01:17]} 56. Qd6+
{[%clk 0:04:11]} Kxb5 {[%clk 0:01:09]} 57. Qxd3+ {[%clk 0:04:19]} Qc4
{[%clk 0:01:10]} 58. Qxc4+ {[%clk 0:04:27]} Kxc4 {[%clk 0:01:19]} 59. Kf6
{[%clk 0:04:36]} Kd5 {[%clk 0:01:28]} 60. Kg6 {[%clk 0:04:45]} Ke6
{[%clk 0:01:36]} 61. Kxh6 1/2-1/2

[Event "World Cup 2017"]
[Site "Tbilisi"]
[Date "2017.09.11"]
[Round "20.4"]
[White "Navara David (CZE)"]
[Black "Grischuk Alexander (RUS)"]
[Result "1/2-1/2"]
[BlackElo "2783"]
[WhiteElo "2737"]
[LiveChessVersion "1.4.8"]

1. e4 {[%clk 0:25:19]} c5 {[%clk 0:25:15]} 2. Nf3 {[%clk 0:25:27]} e6
{[%clk 0:25:20]} 3. d4 {[%clk 0:25:31]} cxd4 {[%clk 0:25:28]} 4. Nxd4
{[%clk 0:25:38]} Nf6 {[%clk 0:25:36]} 5. Nc3 {[%clk 0:25:45]} Nc6
{[%clk 0:25:44]} 6. Ndb5 {[%clk 0:25:14]} d6 {[%clk 0:25:52]} 7. Bf4
{[%clk 0:25:17]} e5 {[%clk 0:26:00]} 8. Bg5 {[%clk 0:25:25]} a6 {[%clk 0:26:08]}
9. Na3 {[%clk 0:25:17]} b5 {[%clk 0:26:17]} 10. Nd5 {[%clk 0:24:54]} Be7
{[%clk 0:26:25]} 11. Bxf6 {[%clk 0:25:02]} Bxf6 {[%clk 0:26:33]} 12. c4
{[%clk 0:25:11]} bxc4 {[%clk 0:26:20]} 13. Bxc4 {[%clk 0:24:57]} Bg5
{[%clk 0:24:32]} 14. h4 {[%clk 0:21:35]} Bh6 {[%clk 0:22:50]} 15. g4
{[%clk 0:21:38]} g6 {[%clk 0:22:56]} 16. g5 {[%clk 0:21:03]} Bg7 {[%clk 0:23:05]}
17. h5 {[%clk 0:20:52]} O-O {[%clk 0:20:07]} 18. hxg6 {[%clk 0:16:07]} hxg6
{[%clk 0:20:12]} 19. Qd2 {[%clk 0:15:58]} Bg4 {[%clk 0:11:09]} 20. Nc2
{[%clk 0:15:34]} Rc8 {[%clk 0:09:15]} 21. Bxa6 {[%clk 0:11:42]} Rb8
{[%clk 0:09:12]} 22. b3 {[%clk 0:11:31]} Re8 {[%clk 0:08:29]} 23. Bc4
{[%clk 0:11:19]} Bf3 {[%clk 0:06:23]} 24. Rh4 {[%clk 0:11:17]} Nd4
{[%clk 0:06:24]} 25. Nxd4 {[%clk 0:07:24]} exd4 {[%clk 0:06:33]} 26. Kf1
{[%clk 0:02:53]} Bxe4 {[%clk 0:06:03]} 27. Nf6+ {[%clk 0:00:23]} Bxf6
{[%clk 0:05:44]} 28. Qf4 {[%clk 0:00:31]} Bf5 {[%clk 0:05:27]} 29. gxf6
{[%clk 0:00:38]} Qxf6 {[%clk 0:05:35]} 30. Qh6 {[%clk 0:00:44]} d5
{[%clk 0:03:14]} 31. Bxd5 {[%clk 0:00:51]} d3 {[%clk 0:03:22]} 32. Qh7+
{[%clk 0:00:14]} Kf8 {[%clk 0:03:31]} 33. Qh8+ {[%clk 0:00:14]} Qxh8
{[%clk 0:03:29]} 34. Rxh8+ {[%clk 0:00:23]} Kg7 {[%clk 0:03:37]} 35. Rxe8
{[%clk 0:00:30]} Rxe8 {[%clk 0:03:45]} 36. Rd1 {[%clk 0:00:31]} Re2
{[%clk 0:03:06]} 37. a4 {[%clk 0:00:30]} Ra2 {[%clk 0:02:22]} 38. Ke1
{[%clk 0:00:39]} Re2+ {[%clk 0:02:02]} 39. Kf1 {[%clk 0:00:47]} Ra2
{[%clk 0:02:01]} 40. Ke1 {[%clk 0:00:47]} Re2+ 1/2-1/2

[Event "World Cup 2017"]
[Site "Tbilisi"]
[Date "2017.09.11"]
[Round "20.6"]
[White "Sethuraman S.P. (IND)"]
[Black "Giri Anish (NED)"]
[Result "1-0"]
[BlackElo "2772"]
[WhiteElo "2618"]
[LiveChessVersion "1.4.8"]

1. e4 {[%clk 0:25:19]} c5 {[%clk 0:25:20]} 2. Nf3 {[%clk 0:25:27]} d6
{[%clk 0:25:29]} 3. d4 {[%clk 0:25:36]} cxd4 {[%clk 0:25:38]} 4. Nxd4
{[%clk 0:25:44]} Nf6 {[%clk 0:25:47]} 5. Nc3 {[%clk 0:25:53]} a6 {[%clk 0:25:57]}
6. h3 {[%clk 0:26:01]} e6 {[%clk 0:26:06]} 7. g4 {[%clk 0:26:08]} Nfd7
{[%clk 0:26:15]} 8. Bg2 {[%clk 0:26:15]} Be7 {[%clk 0:26:20]} 9. Be3
{[%clk 0:26:21]} Nc6 {[%clk 0:26:25]} 10. h4 {[%clk 0:26:29]} Nde5
{[%clk 0:26:19]} 11. g5 {[%clk 0:26:37]} Bd7 {[%clk 0:26:08]} 12. Nxc6
{[%clk 0:26:42]} Bxc6 {[%clk 0:26:13]} 13. Qd4 {[%clk 0:25:31]} O-O
{[%clk 0:25:11]} 14. O-O-O {[%clk 0:25:01]} b5 {[%clk 0:25:17]} 15. f4
{[%clk 0:24:50]} Nc4 {[%clk 0:25:06]} 16. Kb1 {[%clk 0:24:57]} e5
{[%clk 0:24:13]} 17. Qd3 {[%clk 0:25:05]} exf4 {[%clk 0:23:49]} 18. Bxf4
{[%clk 0:25:13]} Re8 {[%clk 0:23:53]} 19. Qg3 {[%clk 0:25:13]} Qa5
{[%clk 0:22:58]} 20. Bc1 {[%clk 0:24:22]} b4 {[%clk 0:20:57]} 21. Ne2
{[%clk 0:23:33]} Rab8 {[%clk 0:20:25]} 22. Nd4 {[%clk 0:23:34]} Bd7
{[%clk 0:20:27]} 23. h5 {[%clk 0:23:28]} Qe5 {[%clk 0:17:20]} 24. Bf4
{[%clk 0:23:36]} Qc5 {[%clk 0:17:29]} 25. Rhf1 {[%clk 0:21:15]} Rec8
{[%clk 0:17:26]} 26. Rf2 {[%clk 0:19:55]} a5 {[%clk 0:17:18]} 27. Bc1
{[%clk 0:19:31]} a4 {[%clk 0:17:09]} 28. g6 {[%clk 0:19:31]} fxg6
{[%clk 0:16:06]} 29. hxg6 {[%clk 0:19:39]} h5 {[%clk 0:14:36]} 30. Bh3
{[%clk 0:19:17]} Bxh3 {[%clk 0:11:09]} 31. Qxh3 {[%clk 0:19:25]} Qe5
{[%clk 0:11:18]} 32. Rf5 {[%clk 0:17:34]} Qxe4 {[%clk 0:11:19]} 33. Rxh5
{[%clk 0:17:26]} Na3+ {[%clk 0:10:46]} 34. Ka1 {[%clk 0:16:47]} 1-0